[Event "Mittelfranken-chTB1 1819"]
[Site "Mittelfranken"]
[Date "2019.03.03"]
[Round "6.8"]
[White "Proeschel, Gerhard"]
[Black "Eichstaedt, Timm"]
[Result "1/2-1/2"]
[WhiteElo "1834"]
[BlackElo "1874"]
[PlyCount "30"]
[EventDate "2018.10.14"]
[EventType "team-tourn"]
[EventRounds "9"]
[EventCountry "GER"]
[SourceTitle "EXT 2022"]
[Source "ChessBase"]
[SourceDate "2021.10.06"]
[SourceVersion "1"]
[SourceVersionDate "2021.10.06"]
[SourceQuality "1"]
[WhiteTeam "Muehlhof/Schwabach"]
[BlackTeam "Herzogenaurach II"]
[WhiteTeamCountry "GER"]
[BlackTeamCountry "GER"]

1. d4 d6 2. c4 g6 3. Nc3 Bg7 4. e4 Nf6 5. f3 0-0 6. Be3 Nbd7 7. Qd2 c6 8. Nge2 Qc7 9. Rc1 e5 10. d5 Nb6 11. b3 c5 12. g4 Qe7 13. h4 h5 14. g5 Ne8 15. Ng3 Bd7 1/2-1/2

[Event "Mittelfranken-chTB1 1819"]
[Site "Mittelfranken"]
[Date "2018.10.14"]
[Round "1.7"]
[White "Proeschel, Gerhard"]
[Black "Hannweber, Markus"]
[Result "0-1"]
[WhiteElo "1834"]
[BlackElo "1831"]
[PlyCount "126"]
[EventDate "2018.10.14"]
[EventType "team-tourn"]
[EventRounds "9"]
[EventCountry "GER"]
[SourceTitle "EXT 2022"]
[Source "ChessBase"]
[SourceDate "2021.10.06"]
[SourceVersion "1"]
[SourceVersionDate "2021.10.06"]
[SourceQuality "1"]
[WhiteTeam "Muehlhof/Schwabach"]
[BlackTeam "Nuernberg SK 1911"]
[WhiteTeamCountry "GER"]
[BlackTeamCountry "GER"]

1. Nf3 g6 2. d4 Bg7 3. e4 d6 4. Nc3 Nf6 5. Bc4 0-0 6. 0-0 Nbd7 7. Re1 e5 8. Bg5 h6 9. Bh4 g5 10. dxe5 dxe5 11. Bg3 Qe7 12. Qe2 c6 13. a3 Nh5 14. Rad1 Nxg3 15. hxg3 Nb6 16. Bb3 Be6 17. Bxe6 Qxe6 18. b3 Rad8 19. Nh2 Qe7 20. a4 Qb4 21. Rxd8 Rxd8 22. Rd1 Rd4 23. Rd3 Qd6 24. Nf3 Rxd3 25. Qxd3 Qxd3 26. cxd3 Nd7 27. b4 Bf8 28. b5 Bb4 29. Na2 Ba5 30. d4 cxb5 31. axb5 exd4 32. Nxd4 a6 33. bxa6 bxa6 34. Kf1 Nc5 35. f3 h5 36. Ke2 Kg7 37. Nc1 Kf6 38. e5+ Kg6 39. f4 Bc7 40. Ke3 a5 41. Nd3 Bb6 42. f5+ Kg7 43. Nxc5 Bxc5 44. Ke4 a4 45. Ne2 a3 46. Nc3 Bf2 47. g4 hxg4 48. Kd5 Kf8 49. Kd6 Bg3 50. Na2 f6 51. Ke6 Bxe5 52. Nb4 Kg7 53. Na2 g3 54. Kd5 Kh6 55. Ke4 Kh5 56. Kf3 Kh4 57. Nb4 g4+ 58. Ke4 Kg5 59. Na2 Bd6 60. Kd5 Kxf5 61. Kxd6 Ke4 62. Ke6 f5 63. Nb4 f4 0-1

[Event "Mittelfranken-chTB2b 1314"]
[Site "Mittelfranken"]
[Date "2014.02.16"]
[Round "6.8"]
[White "Proeschel, Gerhard"]
[Black "Rosmann, Armin"]
[Result "1-0"]
[WhiteElo "1872"]
[BlackElo "1480"]
[PlyCount "61"]
[EventDate "2013.10.20"]
[EventType "team-tourn"]
[EventRounds "9"]
[EventCountry "GER"]
[SourceTitle "EXT 2020"]
[Source "ChessBase"]
[SourceDate "2019.10.17"]
[SourceVersion "1"]
[SourceVersionDate "2019.10.17"]
[SourceQuality "1"]
[WhiteTeam "Muehlhof/Schwabach"]
[BlackTeam "Buechenbach/Roth III"]
[WhiteTeamCountry "GER"]
[BlackTeamCountry "GER"]

1. Nf3 d6 2. d4 Nf6 3. c4 e6 4. Nc3 Be7 5. e4 Nc6 6. Bd3 e5 7. d5 Nd4 8. h3 Nxf3+ 9. Qxf3 0-0 10. Be3 Nd7 11. h4 Nf6 12. g3 c6 13. Qe2 Ng4 14. Bd2 Qb6 15. f3 Nf6 16. Be3 Qd8 17. g4 Nxg4 18. fxg4 Bxh4+ 19. Kd2 Bg5 20. Rag1 f6 21. Kc2 Bd7 22. Kb1 a6 23. c5 b5 24. dxc6 Bxc6 25. Rd1 Kh8 26. Bc2 b4 27. Rxd6 Qc7 28. Nd5 Bxd5 29. exd5 g6 30. Bxg6 h6 31. Bxg5 1-0

[Event "Mittelfranken-chTB2b 1314"]
[Site "Mittelfranken"]
[Date "2014.01.12"]
[Round "4.7"]
[White "Wichmann, Adrian"]
[Black "Proeschel, Gerhard"]
[Result "0-1"]
[WhiteElo "1973"]
[BlackElo "1872"]
[PlyCount "90"]
[EventDate "2013.10.20"]
[EventType "team-tourn"]
[EventRounds "9"]
[EventCountry "GER"]
[SourceTitle "EXT 2020"]
[Source "ChessBase"]
[SourceDate "2019.10.17"]
[SourceVersion "1"]
[SourceVersionDate "2019.10.17"]
[SourceQuality "1"]
[WhiteTeam "Forchheim III"]
[BlackTeam "Muehlhof/Schwabach"]
[WhiteTeamCountry "GER"]
[BlackTeamCountry "GER"]

1. e4 c5 2. d4 cxd4 3. c3 dxc3 4. Nxc3 Nc6 5. Bc4 d6 6. Nf3 e6 7. 0-0 Nf6 8. Qe2 a6 9. Rd1 Qc7 10. Be3 b5 11. Bb3 Be7 12. Rac1 Qb7 13. Bf4 e5 14. Be3 Be6 15. Bxe6 fxe6 16. Ng5 Nd8 17. f4 exf4 18. Bxf4 e5 19. Bg3 0-0 20. Nf3 Ne6 21. Nd5 Nxd5 22. Rxd5 Nf4 23. Bxf4 Rxf4 24. Qc2 Rb8 25. h3 h6 26. Kh1 Kh8 27. b3 Rff8 28. Qd3 Rbc8 29. Rd1 Qc6 30. Qe2 Rf4 31. g3 Rf7 32. Nh2 Rcf8 33. Ng4 Rf3 34. R5d3 Rxd3 35. Rxd3 h5 36. Nh2 g6 37. Qd2 Qxe4+ 38. Kg1 Kg7 39. g4 Bg5 40. Qxg5 Qxd3 41. gxh5 Qb1+ 42. Kg2 Qxa2+ 43. Kg1 Qb1+ 44. Kg2 Qe4+ 45. Kg1 Qe1+ 0-1

[Event "Mittelfranken-chTB2b 1314"]
[Site "Mittelfranken"]
[Date "2013.12.01"]
[Round "3.7"]
[White "Proeschel, Gerhard"]
[Black "Krisin, Joachim"]
[Result "0-1"]
[WhiteElo "1872"]
[BlackElo "1827"]
[PlyCount "80"]
[EventDate "2013.10.20"]
[EventType "team-tourn"]
[EventRounds "9"]
[EventCountry "GER"]
[SourceTitle "EXT 2020"]
[Source "ChessBase"]
[SourceDate "2019.10.17"]
[SourceVersion "1"]
[SourceVersionDate "2019.10.17"]
[SourceQuality "1"]
[WhiteTeam "Muehlhof/Schwabach"]
[BlackTeam "Siemens Erlangen"]
[WhiteTeamCountry "GER"]
[BlackTeamCountry "GER"]

1. e4 c5 2. Nf3 Nc6 3. Nc3 d6 4. d4 cxd4 5. Nxd4 e5 6. Nf3 Be7 7. Be3 Nf6 8. h3 Be6 9. Be2 0-0 10. Ng5 d5 11. exd5 Bxd5 12. 0-0 h6 13. Nf3 a6 14. a3 Qd7 15. Na4 Rad8 16. Bb6 Rc8 17. Nc5 Bxc5 18. Bxc5 Rfe8 19. Re1 Qc7 20. c3 Rcd8 21. Nd2 Na5 22. Be3 Bb3 23. Qb1 Nd5 24. Nf1 Bc4 25. Qe4 Bxe2 26. Rxe2 Qc4 27. Qc2 Nf4 28. Rd2 Rxd2 29. Nxd2 Qd3 30. Qa4 Ne2+ 31. Kh2 Nc6 32. Re1 Rd8 33. Qc4 Nf4 34. g3 Qxc4 35. Nxc4 Nd3 36. Re2 b5 37. Nd2 Nxb2 38. Bb6 Rd3 39. Ne4 Nc4 40. Bc5 f5 0-1

[Event "Mittelfranken-chTB2b 1213"]
[Site "Germany"]
[Date "2013.03.10"]
[Round "9.6"]
[White "Proeschel, Gerhard"]
[Black "Ross, Sandra"]
[Result "1-0"]
[WhiteElo "1861"]
[BlackElo "1709"]
[PlyCount "49"]
[EventDate "2012.10.07"]
[EventType "team-tourn"]
[EventRounds "9"]
[EventCountry "GER"]
[SourceTitle "EXT 2019"]
[Source "ChessBase"]
[SourceDate "2018.10.10"]
[SourceVersion "1"]
[SourceVersionDate "2018.10.10"]
[SourceQuality "1"]
[WhiteTeam "Muehlhof/Schwabach"]
[BlackTeam "Buechenbach/Roth II"]
[WhiteTeamCountry "GER"]
[BlackTeamCountry "GER"]

1. d4 Nf6 2. c4 e6 3. Nc3 d5 4. e3 b6 5. Nf3 Be7 6. Bd3 dxc4 7. Bxc4 0-0 8. 0-0 Bb7 9. Qe2 c5 10. Rd1 cxd4 11. Nxd4 Nbd7 12. e4 Qc7 13. Ncb5 Qe5 14. f3 a6 15. Nc3 Bc5 16. Be3 b5 17. Bb3 Rac8 18. Rac1 Qb8 19. a3 Qa7 20. Bf2 Rfd8 21. e5 Nd5 22. Nxd5 Bxd5 23. Bxd5 exd5 24. e6 Nf8 25. Rxc5 1-0

[Event "Mittelfranken-chTB2b 1011"]
[Site "Germany"]
[Date "2011.04.03"]
[Round "8.6"]
[White "Proeschel, Gerhard"]
[Black "Leibing, Kai Ingo"]
[Result "1/2-1/2"]
[WhiteElo "1835"]
[BlackElo "1792"]
[PlyCount "42"]
[EventDate "2010.09.26"]
[EventType "team-tourn"]
[EventRounds "9"]
[EventCountry "GER"]
[SourceTitle "EXT 2012"]
[Source "ChessBase"]
[SourceDate "2011.11.24"]
[SourceVersion "1"]
[SourceVersionDate "2011.11.24"]
[SourceQuality "1"]
[WhiteTeam "Muehlhof/Schwabach"]
[BlackTeam "Nuernberg SK 1911 II"]
[WhiteTeamCountry "GER"]
[BlackTeamCountry "GER"]

1. e4 d6 2. d4 Nf6 3. Nc3 c6 4. Nf3 Bg4 5. Be2 e6 6. 0-0 Be7 7. Be3 0-0 8. Qd2 Nbd7 9. Rfd1 b5 10. a3 a5 11. Bd3 e5 12. Ne2 Bxf3 13. gxf3 exd4 14. Nxd4 Ne5 15. Qe2 Qc7 16. Nf5 g6 17. Nxe7+ Qxe7 18. c4 Qe6 19. cxb5 Qh3 20. Bf4 Nxf3+ 21. Kh1 cxb5 1/2-1/2

[Event "Mittelfranken-chTB2b 1011"]
[Site "Germany"]
[Date "2010.12.05"]
[Round "4.6"]
[White "Proeschel, Gerhard"]
[Black "Kittsteiner, Peter"]
[Result "1-0"]
[WhiteElo "1835"]
[BlackElo "1853"]
[PlyCount "85"]
[EventDate "2010.09.26"]
[EventType "team-tourn"]
[EventRounds "9"]
[EventCountry "GER"]
[SourceTitle "EXT 2012"]
[Source "ChessBase"]
[SourceDate "2011.11.24"]
[SourceVersion "1"]
[SourceVersionDate "2011.11.24"]
[SourceQuality "1"]
[WhiteTeam "Muehlhof/Schwabach"]
[BlackTeam "Buechenbach/Roth II"]
[WhiteTeamCountry "GER"]
[BlackTeamCountry "GER"]

1. e4 d5 2. exd5 Qxd5 3. Nc3 Qa5 4. d4 e6 5. Nf3 Nf6 6. Bd2 Be7 7. Bd3 c6 8. 0-0 Nbd7 9. Re1 Qc7 10. Ne5 0-0 11. Bf4 Qd8 12. Qe2 Nd5 13. Nxd5 cxd5 14. c3 Qe8 15. Nf3 Bf6 16. Ng5 g6 17. h4 Qd8 18. g3 Re8 19. Nf3 a6 20. Bc2 b5 21. h5 Nf8 22. hxg6 Nxg6 23. Bh6 Bg7 24. Qe3 f6 25. Kg2 Qe7 26. Rh1 Bxh6 27. Qxh6 Qg7 28. Qd2 Bb7 29. Nh4 Kf7 30. Rh2 Rh8 31. Rah1 f5 32. Nf3 Ke7 33. Qg5+ Kf7 34. Qe3 Bc8 35. Ng5+ Kf8 36. Rxh7 Rxh7 37. Rxh7 Qg8 38. Rf7+ Ke8 39. Rxf5 Kd8 40. Rf6 Nf8 41. Qf4 Ke8 42. Rf7 Bd7 43. Qf6 1-0

[Event "Mittelfrankenliga-B2b 0708"]
[Site "Mittelfranken"]
[Date "2008.01.13"]
[Round "4.2"]
[White "Hannweber, Markus"]
[Black "Proeschel, Gerhard"]
[Result "0-1"]
[WhiteElo "1862"]
[BlackElo "1895"]
[PlyCount "44"]
[EventDate "2007.10.14"]
[EventType "team-tourn"]
[EventRounds "9"]
[EventCountry "GER"]
[SourceTitle "EXT 2011"]
[Source "ChessBase"]
[SourceDate "2010.11.26"]
[SourceVersion "1"]
[SourceVersionDate "2010.11.26"]
[SourceQuality "1"]
[WhiteTeam "Nuernberg SK 1911 II"]
[BlackTeam "Schwabach"]
[WhiteTeamCountry "GER"]
[BlackTeamCountry "GER"]

1. e4 c5 2. Nf3 d6 3. d4 cxd4 4. Nxd4 Nf6 5. Nc3 a6 6. a4 b6 7. g3 Bb7 8. Bg2 Qc7 9. 0-0 Nbd7 10. Re1 e6 11. Be3 Be7 12. f3 0-0 13. Qe2 Rac8 14. Rad1 d5 15. exd5 Nxd5 16. Nxd5 Bxd5 17. b3 Bb4 18. Rf1 e5 19. Nf5 Be6 20. Nh4 Qxc2 21. Qxa6 Qxb3 22. Bxb6 Nxb6 0-1

[Event "Mittelfrankenliga-B1 0607"]
[Site "Mittelfranken"]
[Date "2007.01.14"]
[Round "4.3"]
[White "Walter, Thomas"]
[Black "Proeschel, Gerhard"]
[Result "1-0"]
[WhiteElo "2046"]
[BlackElo "1869"]
[PlyCount "57"]
[EventDate "2006.10.22"]
[EventType "team-tourn"]
[EventRounds "9"]
[EventCountry "GER"]
[SourceTitle "EXT 2011"]
[Source "ChessBase"]
[SourceDate "2010.11.26"]
[SourceVersion "1"]
[SourceVersionDate "2010.11.26"]
[SourceQuality "1"]
[WhiteTeam "Erlangen SC"]
[BlackTeam "Schwabach"]
[WhiteTeamCountry "GER"]
[BlackTeamCountry "GER"]

1. e4 e5 2. Nf3 Nc6 3. d4 exd4 4. Bc4 Bb4+ 5. c3 dxc3 6. 0-0 d6 7. Nxc3 Nf6 8. Nd5 Nxd5 9. exd5 0-0 10. dxc6 bxc6 11. a3 Bc5 12. b4 Bb6 13. Bb2 Be6 14. Qc2 Bxc4 15. Qxc4 c5 16. Qg4 f6 17. Rfe1 Qc8 18. Qc4+ Rf7 19. Re7 Qf8 20. Rae1 c6 21. R7e6 d5 22. Qc2 Rc7 23. Qf5 Rd8 24. h3 cxb4 25. axb4 Qf7 26. Qg4 Qg6 27. Qf4 Qf7 28. Bd4 Qf8 29. Bxb6 1-0

[Event "Mittelfrankenliga-B1 0607"]
[Site "Mittelfranken"]
[Date "2006.11.12"]
[Round "2.3"]
[White "Judas, Sven"]
[Black "Proeschel, Gerhard"]
[Result "1-0"]
[WhiteElo "2096"]
[BlackElo "1869"]
[PlyCount "49"]
[EventDate "2006.10.22"]
[EventType "team-tourn"]
[EventRounds "9"]
[EventCountry "GER"]
[SourceTitle "EXT 2011"]
[Source "ChessBase"]
[SourceDate "2010.11.26"]
[SourceVersion "1"]
[SourceVersionDate "2010.11.26"]
[SourceQuality "1"]
[WhiteTeam "Bechhofen"]
[BlackTeam "Schwabach"]
[WhiteTeamCountry "GER"]
[BlackTeamCountry "GER"]

1. d4 d5 2. Nf3 Nf6 3. Bf4 e6 4. e3 c5 5. c3 cxd4 6. exd4 Bd6 7. Ne5 0-0 8. Bd3 Nc6 9. Nd2 Qc7 10. Qe2 a6 11. a4 b6 12. Bg3 Bb7 13. 0-0 Bxe5 14. dxe5 Nd7 15. f4 Nc5 16. Bc2 Qe7 17. Qh5 g6 18. Qh3 f5 19. exf6 Qxf6 20. Bh4 Qf7 21. Rae1 Rae8 22. Bg5 Qc7 23. b4 Nd7 24. Rxe6 Nd8 25. Bxg6 1-0

[Event "Regionalliga NO 0506"]
[Site "Bayern"]
[Date "2006.03.12"]
[Round "8.6"]
[White "Proeschel, Gerhard"]
[Black "Schwirzer, Christoph"]
[Result "1/2-1/2"]
[WhiteElo "1941"]
[BlackElo "1745"]
[PlyCount "70"]
[EventDate "2005.10.23"]
[EventType "team-tourn"]
[EventRounds "9"]
[EventCountry "GER"]
[SourceTitle "EXT 2007"]
[Source "ChessBase"]
[SourceDate "2006.11.23"]
[SourceVersion "1"]
[SourceVersionDate "2006.11.23"]
[SourceQuality "1"]

1. e4 c6 2. d4 d5 3. e5 Bf5 4. g4 Bg6 5. h4 h5 6. g5 Bf5 7. Ne2 e6 8. Ng3 g6 9. Nxf5 exf5 10. Bg2 Nd7 11. 0-0 Qc7 12. Nc3 0-0-0 13. Ne2 Bb4 14. c3 Ba5 15. b4 Bb6 16. a4 a5 17. bxa5 Bxa5 18. Ba3 Nf8 19. Bd6 Rxd6 20. exd6 Qxd6 21. Rb1 Bc7 22. f4 Ne6 23. Qb3 b6 24. c4 dxc4 25. Qxc4 Ne7 26. Rbc1 Kd7 27. d5 Nxd5 28. Bxd5 cxd5 29. Qb5+ Ke7 30. Rc6 Qa3 31. Rc3 Qd6 32. Re1 Ra8 33. Rc6 Qd7 34. Nd4 Bd6 35. Qxd5 Rxa4 1/2-1/2

[Event "Regionalliga NO 0405"]
[Site "Bayern"]
[Date "2004.11.28"]
[Round "3.7"]
[White "Proeschel, Gerhard"]
[Black "Pernpeintner, Alois"]
[Result "1/2-1/2"]
[WhiteElo "1987"]
[BlackElo "1671"]
[PlyCount "37"]
[EventDate "2004.10.24"]
[EventType "team-tourn"]
[EventRounds "9"]
[EventCountry "GER"]
[SourceTitle "EXT 2007"]
[Source "ChessBase"]
[SourceDate "2006.11.23"]
[SourceVersion "1"]
[SourceVersionDate "2006.11.23"]
[SourceQuality "1"]
[WhiteTeam "Schwabach"]
[BlackTeam "Regensburg Fortuna III"]
[WhiteTeamCountry "GER"]
[BlackTeamCountry "GER"]

1. e4 d6 2. d4 Nf6 3. Nc3 g6 4. Nf3 Bg7 5. Be2 0-0 6. 0-0 Nbd7 7. Bg5 h6 8. Be3 e5 9. dxe5 Nxe5 10. Nxe5 dxe5 11. Qc1 Kh7 12. Bc5 Rg8 13. Rd1 Qe8 14. h3 b6 15. Ba3 Bb7 16. Qe3 h5 17. Bc4 Bf8 18. Bxf8 Rxf8 19. Qf3 1/2-1/2

[Event "Regionalliga NO 0405"]
[Site "Bayern"]
[Date "2004.10.24"]
[Round "1.7"]
[White "Proeschel, Gerhard"]
[Black "Kappl, Peter"]
[Result "0-1"]
[WhiteElo "1987"]
[BlackElo "1901"]
[PlyCount "82"]
[EventDate "2004.10.24"]
[EventType "team-tourn"]
[EventRounds "9"]
[EventCountry "GER"]
[SourceTitle "EXT 2007"]
[Source "ChessBase"]
[SourceDate "2006.11.23"]
[SourceVersion "1"]
[SourceVersionDate "2006.11.23"]
[SourceQuality "1"]
[WhiteTeam "Schwabach"]
[BlackTeam "Karethein"]
[WhiteTeamCountry "GER"]
[BlackTeamCountry "GER"]

1. e4 Nf6 2. e5 Nd5 3. d4 d6 4. c4 Nb6 5. exd6 exd6 6. Nf3 Bg4 7. Be2 Be7 8. 0-0 0-0 9. Qc2 Nc6 10. Be3 d5 11. c5 Nd7 12. Qb3 Nf6 13. Qxb7 Bd7 14. Qb3 Rb8 15. Qc2 Nb4 16. Qd1 Bf5 17. Na3 h6 18. Ne5 c6 19. Qa4 Qc7 20. Bd2 Bxc5 21. Rac1 Bd6 22. Nxc6 Nxc6 23. Rxc6 Qe7 24. Bb5 Ne4 25. Bc1 Qh4 26. f4 Bxa3 27. bxa3 Bd7 28. Qxa7 Bxc6 29. Bxc6 Nc3 30. Qa6 Qg4 31. Rf3 Nxa2 32. Bd2 Rb1+ 33. Kf2 Rb2 34. Qd3 Rc8 35. Ba4 Rc3 36. Qe2 Rxf3+ 37. gxf3 Nc3 38. Qe8+ Kh7 39. Ke3 Qg1+ 40. Kd3 Rxd2+ 41. Kxd2 Qxd4+ 0-1